Statistics for Complete the Movie Title (2010)

Click here to take the quiz!

General Stats

  • This quiz has been taken 92 times
  • The average score is 22 of 25

Answer Stats

HintAnswer% Correct
How to Train Your ______Dragon
100%
Alice in __________Wonderland
100%
The ______ KidKarate
96%
A _________ on Elm StreetNightmare
96%
The Princess and the ____Frog
95%
Clash of the ______Titans
95%
The Twilight Saga: _______Eclipse
93%
The ____ of EliBook
92%
The Social _______Network
92%
The Sorceror’s __________Apprentice
91%
The Last _________Airbender
89%
_____ FairyTooth
89%
Percy Jackson & the Olympians: The _________ ThiefLightning
88%
_______ IslandShutter
88%
The ______ HunterBounty
87%
____ NightDate
85%
Love & Other _____Drugs
85%
Wall Street: _____ Never SleepsMoney
85%
_____ at a FuneralDeath
84%
The King’s ______Speech
84%
Dinner for ________Schmucks
74%
The Blind ____Side
74%
The ___ Next DoorSpy
73%
The Other ____Guys
69%
Legend of the Guardians: The ____ of Ga'HooleOwls
55%

Score Distribution

Percentile by Number Answered

Percent of People with Each Score

Your Score History

You have not taken this quiz